00813nam a2200157Ia 4500008004100000020001800041100002200059245009400081260002500175440002100200650001200221650026600233856004400499999001900543952009300562171212s9999 xx 000 0 und d a9781845457853 aGigliotti, Simone cGigliotti, SimoneaThe Train JourneybTransit, Captivity, and Witnessing in the Holocaust bBerghahn Booksc2009 aWar and Genocide aHistory aWorld War, 1939–1945 -- Prisoners and prisons -- Psychological aspects; Holocaust, Jewish (1939–1945) -- Psychological aspects; World War, 1939–1945 -- Personal narratives, Jewish; Railroad trains; Prisoners of war -- Germany; Prisoners of war -- Austria; uhttp://www.jstor.org/stable/j.ctt9qd53n c351435d351435 001040aCLbCLd2017-12-12l0oD 805.A2 .G46 2009r2017-12-12 00:00:00w2017-12-12yCBE